| 000 | 02297nam1a2200313 i 4500 | ||
|---|---|---|---|
| 001 | RU\NLR\BIBL_A\010104652 | ||
| 005 | 20241103132454.0 | ||
| 010 | _a9785438702207 | ||
| 035 | _a(NLR Aleph) 010104652 | ||
| 090 |
_a9945505 _c9945505 |
||
| 100 | _a20131206g20139999k y0rusy50 ca | ||
| 101 | 0 | _arus | |
| 102 | _aRU | ||
| 105 | _a z|||||| | ||
| 200 | 1 |
_aВысокие технологии в современной науке и технике _eсборник научных трудов II Всероссийской научно-технической конференции молодых ученых, аспирантов и студентов с международным участием "Высокие технологии в современной науке и технике" ВТСНТ-2013, 27-29 марта 2013 г. _eв 2 т. _f[редкол.: В.В. Лопатин, д.ф.-м.н., проф., А.Н. Яковлев, к.ф.-м.н.] |
|
| 210 |
_aТомск _cНациональный исследовательский Томский политехнический университет _d2013 |
||
| 215 | _d29 | ||
| 300 | _aВ надзаг.: М-во образования и науки Рос. Федерации, Федер. гос. бюджет. образоват. учреждение высш. проф. образования "Нац. исслед. Томск. политехн. ун-т" | ||
| 606 |
_aТехнологические процессы _jСборники _91963949 _3RU\NLR\AUTH\66899282 |
||
| 606 |
_aИнновации научные _jСборники _92092891 _3RU\NLR\AUTH\661266599 |
||
| 686 | 1 | _aЖ6я43 | |
| 686 | 1 | _aЧ21я43 | |
| 702 | 1 |
_aЛопатин _bВ. В. _gВладимир Васильевич _4340 |
|
| 711 | 1 | 2 |
_a"Высокие технологии в современной науке и технике", всероссийская научно-техническая конференция молодых ученых, аспирантов и студентов с международным участием _d2 _eТомск _f2013 _9385397 _3RU\NLR\AUTH\880358995 |
| 852 |
_aNLR _j2013-8/3553 |
||
| 942 | _cBOOK | ||
| 980 | _aNBR | ||